[Event "GER-ch Net Amateur Gr-B Vor3"]
[Site "Playchess.com INT"]
[Date "2020.04.16"]
[Round "4"]
[White "Hoppe, Frank"]
[Black "Weissenberger, Julius"]
[Result "1-0"]
[WhiteElo "1827"]
[BlackElo "1614"]
[PlyCount "83"]
[EventDate "2020.04.16"]
[EventType "swiss (blitz)"]
[EventRounds "9"]
[EventCountry "GER"]
[SourceTitle "CBM 195 Extra"]
[Source "ChessBase"]
[SourceDate "2020.05.31"]
[SourceVersion "1"]
[SourceVersionDate "2020.05.31"]
[SourceQuality "1"]

1. e4 c5 2. Nf3 Nc6 3. d4 cxd4 4. Nxd4 d6 5. Nc3 a6 6. a4 g6 7. Be3 Bg7 8. Be2 e5 9. Nb3 Nge7 10. 0-0 Be6 11. Nd5 Bxd5 12. exd5 Nb8 13. c4 Nd7 14. a5 f5 15. f4 Rc8 16. Qd2 Nf6 17. fxe5 dxe5 18. Bb6 Qd7 19. d6 Ne4 20. Qe3 Nxd6 21. Rfd1 Qc6 22. c5 Nb5 23. Bc4 f4 24. Qh3 Nf5 25. Bd5 Qf6 26. Bxb7 Rb8 27. Bxa6 Nbd4 28. Nxd4 Nxd4 29. Rxd4 exd4 30. Bb5+ Kf7 31. Qd7+ Qe7 32. Qd5+ Qe6 33. Qg5 Qe3+ 34. Kf1 Rhe8 35. Bxe8+ Rxe8 36. Qd5+ Kf6 37. Qf3 Qd2 38. g3 Qxh2 39. Qxf4+ Ke7 40. Re1+ Kd7 41. Qd6+ Kc8 42. Qc7# 1-0

[Event "GER-ch Net Amateur Gr-B Vor2"]
[Site "Playchess.com INT"]
[Date "2020.04.15"]
[Round "6"]
[White "Deckert, Frank"]
[Black "Weissenberger, Julius"]
[Result "0-1"]
[WhiteElo "1428"]
[BlackElo "1591"]
[PlyCount "118"]
[EventDate "2020.04.15"]
[EventType "swiss (blitz)"]
[EventRounds "9"]
[EventCountry "GER"]
[SourceTitle "CBM 196 Extra"]
[Source "ChessBase"]
[SourceDate "2020.07.31"]
[SourceVersion "1"]
[SourceVersionDate "2020.07.31"]
[SourceQuality "1"]

1. c4 Nf6 2. Nc3 e6 3. g3 Nc6 4. Bg2 Bb4 5. e3 Bxc3 6. dxc3 b6 7. Nf3 Bb7 8. 0-0 Qe7 9. b4 h6 10. a4 g5 11. Ba3 d6 12. Nd4 Qd7 13. Bb2 Nxd4 14. Bxb7 Rb8 15. Qxd4 e5 16. Qd1 Rxb7 17. Qf3 Rb8 18. Qxf6 Rh7 19. Rfd1 Qe6 20. Qxe6+ fxe6 21. b5 Rf7 22. Rd2 Ke7 23. a5 Rbf8 24. axb6 axb6 25. Ra7 Kd7 26. c5 bxc5 27. b6 Rc8 28. bxc7 Rxc7 29. Rxc7+ Kxc7 30. Bc1 Kc6 31. Ra2 Rb7 32. Kg2 Rb3 33. Bd2 Kd5 34. Kf3 h5 35. Ke2 g4 36. Kd3 Rb1 37. c4+ Kc6 38. Ke2 Rh1 39. Ra7 Rxh2 40. Re7 h4 41. gxh4 g3 42. Be1 g2 43. Rg7 d5 44. cxd5+ exd5 45. h5 c4 46. Rg6+ Kc5 47. h6 c3 48. Bxc3 d4 49. exd4+ exd4 50. Bd2 Kc4 51. Rxg2 Rxg2 52. Kf3 Rg8 53. Kf4 Kd3 54. Bc1 Kc2 55. Ba3 Rb8 56. h7 d3 57. Kg5 d2 58. Kg6 d1Q 59. Kg7 Qd7+ 0-1

[Event "Hofheim Spring op-B 7th"]
[Site "Hofheim"]
[Date "2019.04.24"]
[Round "2"]
[White "Schwichtenberg, Juergen"]
[Black "Weissenberger, Julius"]
[Result "1/2-1/2"]
[WhiteElo "1738"]
[BlackElo "1568"]
[PlyCount "28"]
[EventDate "2019.04.23"]
[EventType "swiss"]
[EventRounds "9"]
[EventCountry "GER"]
[SourceTitle "CBM 190 Extra"]
[Source "ChessBase"]
[SourceDate "2019.07.15"]
[SourceVersion "1"]
[SourceVersionDate "2019.07.15"]
[SourceQuality "1"]

1. b4 d5 2. Bb2 Nf6 3. e3 e6 4. b5 Bd7 5. a4 a6 6. c4 Bb4 7. Nf3 c6 8. Qb3 a5 9. Be2 0-0 10. 0-0 Ne4 11. d4 f5 12. Na3 g5 13. Nc2 g4 14. Nxb4 axb4 1/2-1/2

[Event "Hofheim Spring op-B 7th"]
[Site "Hofheim"]
[Date "2019.04.24"]
[Round "3"]
[White "Weissenberger, Julius"]
[Black "Klein, Gernot"]
[Result "0-1"]
[WhiteElo "1568"]
[BlackElo "1871"]
[PlyCount "88"]
[EventDate "2019.04.23"]
[EventType "swiss"]
[EventRounds "9"]
[EventCountry "GER"]
[SourceTitle "CBM 190 Extra"]
[Source "ChessBase"]
[SourceDate "2019.07.15"]
[SourceVersion "1"]
[SourceVersionDate "2019.07.15"]
[SourceQuality "1"]

1. e4 c5 2. c3 d5 3. exd5 Qxd5 4. Nf3 Nf6 5. Bb5+ Bd7 6. Bxd7+ Nbxd7 7. 0-0 e6 8. d4 Be7 9. Na3 0-0 10. Bf4 cxd4 11. cxd4 Rac8 12. Nc2 Qf5 13. Ne3 Qxf4 14. g3 Qd6 15. Re1 Rfd8 16. Nh4 Bf8 17. f4 Nb6 18. Qf3 Qc6 19. Qf2 Nbd5 20. f5 Nxe3 21. Qxe3 e5 22. Qxe5 Re8 23. Qf4 Rxe1+ 24. Rxe1 Bd6 25. Qf1 Qd5 26. Rd1 Qxa2 27. Qf3 Qxb2 28. Qe3 Re8 29. Qd3 Qe2 30. Qxe2 Rxe2 31. Rc1 Re8 32. Nf3 Nd7 33. Ra1 a6 34. Rb1 b5 35. Ra1 Ra8 36. g4 b4 37. g5 a5 38. f6 gxf6 39. gxf6 Nxf6 40. h4 b3 41. Kh1 b2 42. Rg1+ Kf8 43. d5 Rc8 44. h5 b1Q 0-1

[Event "GER-ch U10"]
[Site "Willingen"]
[Date "2017.06.09"]
[Round "9"]
[White "Weissenberger, Julius"]
[Black "Bungarten, Jona"]
[Result "0-1"]
[WhiteElo "1381"]
[BlackElo "1548"]
[PlyCount "23"]
[EventDate "2017.06.04"]
[EventType "swiss"]
[EventRounds "11"]
[EventCountry "GER"]
[SourceTitle "CBM 178 Extra"]
[Source "ChessBase"]
[SourceDate "2017.06.22"]
[SourceVersion "1"]
[SourceVersionDate "2017.06.22"]
[SourceQuality "1"]

1. e4 e5 2. Nf3 Nc6 3. Bc4 Nf6 4. Ng5 Bc5 5. Nxf7 Bxf2+ 6. Kf1 Qe7 7. Nxh8 d5 8. exd5 Nd4 9. Kxf2 Bg4 10. Qf1 Qc5 11. h3 Ne4+ 12. Kg1 0-1

[Event "GER-ch U10"]
[Site "Willingen"]
[Date "2017.06.07"]
[Round "6"]
[White "Laucht, Philipp"]
[Black "Weissenberger, Julius"]
[Result "0-1"]
[WhiteElo "1316"]
[BlackElo "1381"]
[PlyCount "142"]
[EventDate "2017.06.04"]
[EventType "swiss"]
[EventRounds "11"]
[EventCountry "GER"]
[SourceTitle "CBM 178 Extra"]
[Source "ChessBase"]
[SourceDate "2017.06.22"]
[SourceVersion "1"]
[SourceVersionDate "2017.06.22"]
[SourceQuality "1"]

1. e4 c5 2. Nf3 e6 3. d4 cxd4 4. Nxd4 Nf6 5. Nc3 a6 6. Be3 Nc6 7. f3 Be7 8. Qd2 Bb4 9. Bc4 0-0 10. 0-0-0 Na5 11. Be2 Qc7 12. g4 Bxc3 13. Qxc3 Qxc3 14. bxc3 d5 15. e5 Nd7 16. Bf4 b5 17. h4 Bb7 18. h5 Rac8 19. Kb2 Rc7 20. g5 Rfc8 21. Rd3 Nc5 22. Rdd1 Na4+ 23. Ka1 Nxc3 24. Rd2 Nc6 25. Nxc6 Rxc6 26. Bd3 b4 27. g6 h6 28. gxf7+ Kxf7 29. Bg6+ Kf8 30. Rh4 Rc5 31. Rg2 Ra5 32. Kb2 Rxa2+ 33. Kc1 b3 34. Bxh6 gxh6 35. Rf4+ Ke7 36. Rf7+ Kd8 37. Bd3 Bc6 38. Rg8+ Be8 39. Rb7 b2+ 40. Rxb2 Rxb2 41. Kxb2 Kd7 42. Bg6 Na4+ 43. Ka3 Nb6 44. Rg7+ Kc6 45. Bxe8+ Rxe8 46. Rg6 Nc4+ 47. Ka4 Nxe5 48. Rf6 Kd6 49. Rxh6 Rf8 50. Rh7 Rf7 51. Rh8 Nxf3 52. Ra8 Rh7 53. Rxa6+ Ke5 54. Ra5 Rxh5 55. Kb4 Ke4 56. c4 Nd4 57. c5 Nc6+ 58. Kb5 Nxa5 59. Kxa5 d4 60. Kb6 Rxc5 61. Kxc5 d3 62. Kd6 d2 63. Kxe6 d1Q 64. Kf6 Qd6+ 65. Kg5 Qf4+ 66. Kg6 Qf5+ 67. Kg7 Ke5 68. Kg8 Ke6 69. Kh8 Qg5 70. Kh7 Kf7 71. Kh8 Qg8# 0-1